00880nam a2200265 i 4500001000300000003000400003005001700007008003900024015001600063020001500079040001400094080002100108100003300129245005400162260006500216300004500281504002300326650002100349650003500370655003100405655001700436655002900453710003400482856009800516bgBPK20190920085242.0980713s1996 pl a de |000 0 pol aPB 1997/646 a830112119X aWA NcBPK a595.7-14(038)=001 aRazowski, Józefd(1932- ).10aSłownik morfologii owadów /cJózef Razowski. aWarszawa ;aKraków :bWydaw. Naukowe PWN. Oddział,c1996. aVIII, [4], 430, [5] s. :brys. ;c21 cm. aBibliogr. s. [XI]. 4aOwadyxanatomia. 4aOwadyxanatomiaxterminologia. 4aSłowniki wielojęzyczne. 4aEncyklopedia 4aSłownik terminologiczny2 aWydawnictwo Naukowe PWN4pbl. uhttp://koha.tu.koszalin.pl/cgi-bin/koha/opac-detail.pl?biblionumber=36393yKatalog online BPK